Australian Birds Quiz - Statistics

General Stats
  • This quiz has been taken 27 times
    24 since last reset
  • The average score is 21 of 32
Answer Stats
Picture Answer % Correct
Budgerigar
89%
Cassowary
89%
Cockatiel
89%
Emu
89%
Australian Magpie
83%
Black Swan
83%
Galah
83%
Laughing Kookaburra
83%
Rainbow Lorikeet
83%
Little Penguin
78%
Sulphur-Crested Cockatoo
78%
Magpie Goose
72%
Magpie Lark
72%
Zebra Finch
72%
Eastern Rosella
67%
King Parrot
67%
Superb Fairywren
67%
Australian Raven
61%
Blackbird
61%
Gouldian Finch
61%
Ruddy Turnstone
61%
Wedge-Tailed Eagle
61%
Brolga
56%
Brush Turkey
56%
House Sparrow
56%
Purple Swamphen
56%
Great Crested Grebe
50%
Eclectus Parrot
39%
Goldfinch
39%
Greenfinch
39%
Bar-Tailed Godwit
28%
Redshank
6%
No matching quizzes found
Score Distribution
Percent of People with Each Score
Percentile by Number Answered
Your Score History
You have not taken this quiz since the last reset